[Event "Quebec-ch intercoll."]
[Site "Montreal CAN"]
[Date "1997.03.31"]
[Round "5"]
[White "Lesiege, Alexandre"]
[Black "Bannon, Eric"]
[Result "1-0"]
[WhiteElo "2521"]
[BlackElo "1940"]
[WhiteFideId "-1"]
[WhiteFideId "-1"]
[PlyCount "65"]
[GameId "2160767911966188"]
[EventDate "1997.03.29"]
[EventType "swiss"]
[EventRounds "6"]
[EventCountry "CAN"]

1. d4 Nf6 2. c4 e6 3. Nc3 d5 4. Bg5 Be7 5. e3 O-O 6. Nf3 h6 7. Bxf6 Bxf6 8. Rc1 c6 9. Bd3 Nd7 10. O-O dxc4 11. Bxc4 e5 12. h3 exd4 13. exd4 Nb6 14. Bb3 Re8 15. Re1 Bf5 16. Rxe8+ Qxe8 17. Qd2 Qd7 18. Re1 Re8 19. Rxe8+ Qxe8 20. Qf4 Bd3 21. Qc7 Ba6 22. Ne4 Bd8 23. Bxf7+ Qxf7 24. Qxd8+ Qf8 25. Qxf8+ Kxf8 26. Nc5 Ke7 27. Nxa6 bxa6 28. Kf1 Nd5 29. Ne5 Kd6 30. Nc4+ Ke6 31. Ne3 a5 32. Ke2 Nf4+ 33. Kd2 1-0

[Event "Quebec-ch intercoll."]
[Site "Montreal CAN"]
[Date "1997.03.31"]
[Round "6"]
[White "Zafirov, Stephane"]
[Black "Lesiege, Alexandre"]
[Result "0-1"]
[WhiteElo "1723"]
[BlackElo "2521"]
[WhiteFideId "-1"]
[WhiteFideId "-1"]
[PlyCount "38"]
[GameId "2160767911966195"]
[EventDate "1997.03.29"]
[EventType "swiss"]
[EventRounds "6"]
[EventCountry "CAN"]

1. e4 Nf6 2. e5 Nd5 3. d4 d6 4. c4 Nb6 5. f4 dxe5 6. fxe5 Nc6 7. Nf3 Bg4 8. Be3 e6 9. Be2 Qd7 10. Nc3 Bxf3 11. gxf3 O-O-O 12. Qd2 Nxd4 13. O-O-O Bc5 14. Ne4 Nxe2+ 15. Qxe2 Bxe3+ 16. Qxe3 Qa4 17. Nc3 Qxc4 18. Kb1 Qb4 19. Rc1 Nc4 0-1

[Event "Mauricie op"]
[Site "Trois-Rivieres CAN"]
[Date "1997.03.15"]
[Round "3"]
[White "Lesiege, Alexandre"]
[Black "Tremblay, Sylvain"]
[Result "1-0"]
[WhiteElo "2526"]
[BlackElo "2151"]
[WhiteFideId "-1"]
[WhiteFideId "-1"]
[PlyCount "119"]
[GameId "2160767911966313"]
[EventDate "1997.03.14"]
[EventType "swiss"]
[EventRounds "5"]
[EventCountry "CAN"]
[SourceTitle "EXT 2022"]
[Source "ChessBase"]
[SourceDate "2021.10.06"]
[SourceVersion "1"]
[SourceVersionDate "2021.10.06"]
[SourceQuality "1"]

1. e4 e5 2. Nf3 Nc6 3. Bc4 Nf6 4. d3 Be7 5. O-O O-O 6. Bb3 d6 7. c3 Na5 8. Bc2 c5 9. Nbd2 Be6 10. Re1 Re8 11. Nf1 h6 12. Ng3 Bf8 13. h3 b5 14. d4 cxd4 15. cxd4 Qc7 16. b3 Bd7 17. Bb2 Rac8 18. Bd3 Qb8 19. Qd2 Nb7 20. b4 g6 21. Rac1 Rxc1 22. Qxc1 Bg7 23. Qa1 Nh7 24. Nf1 Ng5 25. Nxg5 hxg5 26. Ne3 Nd8 27. d5 Nb7 28. Qd1 a5 29. a3 Qa7 30. Qe2 Qb6 31. Nd1 Rb8 32. Bc1 axb4 33. axb4 Bf6 34. Be3 Qa6 35. Qb2 Ra8 36. Nc3 Nd8 37. Qd2 Rc8 38. Rb1 Be7 39. Bxg5 f6 40. Be3 Nf7 41. Qb2 Ra8 42. Qe2 Rb8 43. Qa2 Qc8 44. Rc1 Qe8 45. Qc2 Bd8 46. Ra1 Rc8 47. Ra3 Kg7 48. Qe2 Rb8 49. Ra7 f5 50. exf5 gxf5 51. Qh5 f4 52. Bd2 Bb6 53. Ra6 Qh8 54. Qg6+ Kf8 55. Bf5 Be8 56. Ne4 Qh4 57. Be1 Qe7 58. Nf6 Qc7 59. Nh7+ Ke7 60. Qf6# 1-0

[Event "Mermaid Beach Club"]
[Site "BER"]
[Date "1997.??.??"]
[Round "1"]
[White "Lesiege, Alexandre"]
[Black "Shaked, Tal"]
[Result "1-0"]
[WhiteElo "2500"]
[BlackElo "2445"]
[WhiteFideId "-1"]
[WhiteFideId "-1"]
[PlyCount "121"]
[GameId "2129405173807356"]
[EventDate "1997.02.??"]
[EventType "tourn"]
[EventRounds "10"]
[EventCountry "BER"]
[EventCategory "11"]
[SourceTitle "CBM 58"]
[Source "ChessBase"]
[SourceVersion "2"]
[SourceQuality "1"]

1. d4 Nf6 2. Bg5 Ne4 3. Bf4 c5 4. f3 Qa5+ 5. c3 Nf6 6. Nd2 cxd4 7. Nb3 Qb6 8. Qxd4 Nc6 9. Qxb6 axb6 10. a3 e5 11. Be3 d5 12. Bxb6 d4 13. cxd4 Be6 14. d5 Nxd5 15. Bc5 Be7 16. Kf2 f5 17. Bxe7 Kxe7 18. Nc5 f4 19. g3 Bf7 20. h4 b6 21. Nd3 Bg6 22. gxf4 Bxd3 23. exd3 Nxf4 24. Nh3 Ne6 25. Ng5 Ned4 26. Bg2 h6 27. Ne4 Rhf8 28. Rhg1 Nb3 29. Rae1 Rf7 30. Bh1 Rc8 31. Rg6 Ncd4 32. Nc3 Kf8 33. Rxe5 Nc5 34. Ke3 Nf5+ 35. Ke2 Nxh4 36. Rg4 Nf5 37. d4 Nd7 38. Rd5 h5 39. Rg5 Re8+ 40. Kd2 Ne3 41. Rb5 Nf1+ 42. Kd3 Re3+ 43. Kc2 Rf4 44. Bg2 Re1 45. Bh3 Rxd4 46. Bxd7 Rxd7 47. Rxh5 Re6 48. Rh8+ Kf7 49. Rb8 Rd2+ 50. Kb3 Rf2 51. R5xb6 Nd2+ 52. Kb4 Rxb6+ 53. Rxb6 Nxf3 54. b3 Rb2 55. Ne4 Re2 56. Nd6+ Ke6 57. a4 g5 58. a5 Kd5 59. a6 Nd4 60. Nb5 Nc6+ 61. Rxc6 1-0

[Event "Mermaid Beach Club"]
[Site "BER"]
[Date "1997.??.??"]
[Round "6"]
[White "Lesiege, Alexandre"]
[Black "Hellsten, Johan"]
[Result "1-0"]
[WhiteElo "2500"]
[BlackElo "2485"]
[WhiteFideId "-1"]
[WhiteFideId "-1"]
[PlyCount "47"]
[GameId "2129405173807379"]
[EventDate "1997.02.??"]
[EventType "tourn"]
[EventRounds "10"]
[EventCountry "BER"]
[EventCategory "11"]
[SourceTitle "CBM 58"]
[Source "ChessBase"]
[SourceVersion "2"]
[SourceQuality "1"]

1. e4 c5 2. Nf3 e6 3. d4 cxd4 4. Nxd4 a6 5. Bd3 Ne7 6. O-O Nbc6 7. Be3 Nxd4 8. Bxd4 Nc6 9. Be3 Be7 10. Nd2 Rb8 11. f4 d5 12. exd5 exd5 13. f5 O-O 14. Qh5 Re8 15. Rf3 Bf8 16. Rh3 h6 17. Bxh6 f6 18. Bf4 Ra8 19. Qh7+ Kf7 20. Qg6+ Kg8 21. Rh7 Bd7 22. Qh5 Bc5+ 23. Kh1 Kf8 24. Qg6 1-0

[Event "Mermaid Beach Club"]
[Site "BER"]
[Date "1997.??.??"]
[Round "7"]
[White "Hjartarson, Johann"]
[Black "Lesiege, Alexandre"]
[Result "1/2-1/2"]
[WhiteElo "2585"]
[BlackElo "2500"]
[WhiteFideId "-1"]
[WhiteFideId "-1"]
[PlyCount "55"]
[GameId "2129405173807384"]
[EventDate "1997.02.??"]
[EventType "tourn"]
[EventRounds "10"]
[EventCountry "BER"]
[EventCategory "11"]
[SourceTitle "CBM 58"]
[Source "ChessBase"]
[SourceVersion "2"]
[SourceQuality "1"]

1. e4 c6 2. d4 d5 3. Nd2 dxe4 4. Nxe4 Nd7 5. Bc4 Ngf6 6. Nxf6+ Nxf6 7. c3 g6 8. Nf3 Bg7 9. O-O O-O 10. h3 Qc7 11. Re1 e6 12. Qe2 b6 13. Ne5 Nd5 14. Bxd5 exd5 15. Bf4 Qb7 16. Qd2 f6 17. Nf3 Bf5 18. Nh4 Bd7 19. Bd6 Rfe8 20. g4 Be6 21. f3 Qd7 22. Bg3 g5 23. Ng2 h6 24. f4 Bf7 25. Ne3 Bg6 26. f5 Bf7 27. Nc2 Bf8 28. Rxe8 1/2-1/2

[Event "Mermaid Beach Club"]
[Site "BER"]
[Date "1997.??.??"]
[Round "8"]
[White "Lesiege, Alexandre"]
[Black "Bezold, Michael"]
[Result "1/2-1/2"]
[WhiteElo "2500"]
[BlackElo "2500"]
[WhiteFideId "-1"]
[WhiteFideId "-1"]
[PlyCount "61"]
[GameId "2129405173807390"]
[EventDate "1997.02.??"]
[EventType "tourn"]
[EventRounds "10"]
[EventCountry "BER"]
[EventCategory "11"]
[SourceTitle "CBM 58"]
[Source "ChessBase"]
[SourceVersion "2"]
[SourceQuality "1"]

1. d4 d6 2. e4 g6 3. Nf3 Bg7 4. Nc3 a6 5. a4 b6 6. Bc4 e6 7. O-O Ne7 8. Re1 h6 9. e5 Nd7 10. exd6 cxd6 11. Bf4 Nf6 12. d5 e5 13. Bxe5 dxe5 14. d6 Nf5 15. Nxe5 O-O 16. Qf3 Ra7 17. Rad1 Nxd6 18. Nc6 Qc7 19. Rxd6 Qxd6 20. Nxa7 Bd7 21. Bxa6 Ng4 22. g3 Ne5 23. Qf4 g5 24. Qe4 Re8 25. Rd1 Qb8 26. Bb5 g4 27. Kg2 Nf3 28. Qf4 Qb7 29. Nd5 Re1 30. Rxe1 Nxe1+ 31. Kf1 1/2-1/2

[Event "Mermaid Beach Club"]
[Site "BER"]
[Date "1997.??.??"]
[Round "9"]
[White "Maiwald, Jens Uwe"]
[Black "Lesiege, Alexandre"]
[Result "0-1"]
[WhiteElo "2495"]
[BlackElo "2500"]
[WhiteFideId "-1"]
[WhiteFideId "-1"]
[PlyCount "85"]
[GameId "2129405173807394"]
[EventDate "1997.02.??"]
[EventType "tourn"]
[EventRounds "10"]
[EventCountry "BER"]
[EventCategory "11"]
[SourceTitle "CBM 58"]
[Source "ChessBase"]
[SourceVersion "2"]
[SourceQuality "1"]

1. e4 c6 2. d3 d5 3. Nd2 e5 4. Ngf3 Bd6 5. g3 Nf6 6. Bg2 O-O 7. O-O Re8 8. b3 a5 9. Bb2 a4 10. a3 axb3 11. cxb3 Nbd7 12. Qc2 Qc7 13. Rfc1 Qb8 14. b4 d4 15. Nc4 Bf8 16. Nfd2 b6 17. Nb3 Ba6 18. f4 Bxc4 19. Qxc4 c5 20. Rf1 Ng4 21. Qb5 Ndf6 22. fxe5 Rxe5 23. Rf5 Bd6 24. Qc6 g6 25. Rf4 Qd8 26. Raf1 Rc8 27. Qb7 Re7 28. Qa6 Bxf4 29. Rxf4 Re6 30. Bh3 h5 31. Nd2 cxb4 32. axb4 Rc2 33. Nc4 Rc6 34. Qa1 b5 35. Na5 R6c3 36. Nb7 Qe7 37. Nc5 Qe5 38. Bxg4 hxg4 39. Bxc3 dxc3 40. Qf1 Qd4+ 41. Kh1 Kg7 42. Nd7 Qxd7 43. e5 0-1

[Event "Mermaid Beach Club"]
[Site "BER"]
[Date "1997.??.??"]
[Round "10"]
[White "Lesiege, Alexandre"]
[Black "Ashley, Maurice"]
[Result "1/2-1/2"]
[WhiteElo "2500"]
[BlackElo "2465"]
[WhiteFideId "-1"]
[WhiteFideId "-1"]
[PlyCount "60"]
[GameId "2129405173807400"]
[EventDate "1997.02.??"]
[EventType "tourn"]
[EventRounds "10"]
[EventCountry "BER"]
[EventCategory "11"]
[SourceTitle "CBM 58"]
[Source "ChessBase"]
[SourceVersion "2"]
[SourceQuality "1"]

1. d4 Nf6 2. c4 e6 3. Nc3 Bb4 4. e3 O-O 5. Bd3 d5 6. Nf3 c5 7. O-O cxd4 8. exd4 dxc4 9. Bxc4 a6 10. Bg5 b5 11. Bd3 Be7 12. Qe2 Bb7 13. a4 b4 14. Ne4 Nxe4 15. Bxe4 Bxe4 16. Qxe4 Nd7 17. Bxe7 Qxe7 18. Rfc1 Nf6 19. Qe2 Qb7 20. Rc5 Nd7 21. Rc2 Rac8 22. Rac1 b3 23. Rc3 Nb6 24. Nd2 Nxa4 25. Rxc8 Rxc8 26. Rxc8+ Qxc8 27. Nxb3 Qb7 28. Nc5 Qxb2 29. Qxb2 Nxb2 30. Nxa6 Kf8 1/2-1/2

[Event "Mermaid Beach Club"]
[Site "BER"]
[Date "1997.??.??"]
[Round "11"]
[White "Waitzkin, Joshua"]
[Black "Lesiege, Alexandre"]
[Result "1/2-1/2"]
[WhiteElo "2440"]
[BlackElo "2500"]
[WhiteFideId "-1"]
[WhiteFideId "-1"]
[PlyCount "30"]
[GameId "2129405173807406"]
[EventDate "1997.02.??"]
[EventType "tourn"]
[EventRounds "10"]
[EventCountry "BER"]
[EventCategory "11"]
[SourceTitle "CBM 58"]
[Source "ChessBase"]
[SourceVersion "2"]
[SourceQuality "1"]

1. e4 c6 2. d4 d5 3. exd5 cxd5 4. c4 Nf6 5. Nc3 e6 6. Nf3 Bb4 7. cxd5 Nxd5 8. Qc2 Nc6 9. Be2 O-O 10. O-O Be7 11. Rd1 Qd6 12. Ne4 Ncb4 13. Qb1 Qc7 14. a3 Nc6 15. Bg5 Bd7 1/2-1/2

[Event "Mermaid Beach Club"]
[Site "Bermuda"]
[Date "1997.??.??"]
[Round "2"]
[White "Hodgson, Julian"]
[Black "Lesiege, Alexandre"]
[Result "1-0"]
[WhiteElo "2560"]
[BlackElo "2500"]
[WhiteFideId "-1"]
[WhiteFideId "-1"]
[PlyCount "67"]
[GameId "1166640403406848"]
[EventDate "1997.01.??"]
[EventType "tourn"]
[EventRounds "11"]
[EventCountry "BER"]
[EventCategory "11"]
[SourceTitle "CBM 058"]
[Source "ChessBase"]
[SourceDate "2004.01.01"]
[SourceVersion "1"]
[SourceVersionDate "2004.01.01"]
[SourceQuality "1"]

1. d4 d5 2. Bg5 c6 3. e3 Qb6 4. b3 Bf5 5. Bd3 Bxd3 6. Qxd3 e6 7. Nf3 Nd7 8. O-O Be7 9. Bxe7 Nxe7 10. c4 O-O 11. Nc3 a5 12. Na4 Qa6 13. Rac1 Rfc8 14. Ng5 g6 15. e4 h6 16. Nf3 b5 17. cxb5 cxb5 18. Nc5 Nxc5 19. dxc5 Rc7 20. Ne5 h5 21. c6 Nxc6 22. Qg3 Nd4 23. Qe3 Nc6 24. exd5 exd5 25. Qf4 Qb7 26. Nf3 Kg7 27. Rc5 Re7 28. Rfc1 Rae8 29. h3 Nd8 30. Nd4 Ne6 31. Nxe6+ fxe6 32. Rc7 Qa8 33. Qd6 Kf7 34. R1c3 1-0

[Event "Mermaid Beach Club"]
[Site "Bermuda"]
[Date "1997.??.??"]
[Round "3"]
[White "Lesiege, Alexandre"]
[Black "Vescovi, Giovanni P"]
[Result "1-0"]
[WhiteElo "2500"]
[BlackElo "2490"]
[WhiteFideId "-1"]
[WhiteFideId "-1"]
[PlyCount "77"]
[GameId "1166640403415040"]
[EventDate "1997.01.??"]
[EventType "tourn"]
[EventRounds "11"]
[EventCountry "BER"]
[EventCategory "11"]
[SourceTitle "CBM 058"]
[Source "ChessBase"]
[SourceDate "2004.01.01"]
[SourceVersion "1"]
[SourceVersionDate "2004.01.01"]
[SourceQuality "1"]

1. d4 Nf6 2. c4 g6 3. Nf3 Bg7 4. g3 O-O 5. Bg2 d6 6. O-O Nc6 7. d5 Na5 8. Nfd2 c5 9. Nc3 e5 10. b3 Bd7 11. Bb2 a6 12. Qc2 b5 13. Rae1 Nh5 14. e3 Rb8 15. Nd1 f5 16. f4 e4 17. Bxg7 Nxg7 18. g4 bxc4 19. bxc4 Qb6 20. Kh1 Qb4 21. Qc1 Ba4 22. a3 Qb6 23. Qc3 Nb3 24. gxf5 gxf5 25. Rg1 Nxd2 26. Bf1 Rf7 27. Qxd2 Bxd1 28. Qxd1 Qb3 29. Qh5 Qc3 30. Re2 Qf6 31. Reg2 Rb3 32. Rg3 Rxa3 33. Rh3 h6 34. Rg6 Ra1 35. Qxh6 Rxf1+ 36. Kg2 Qb2+ 37. Kxf1 Kf8 38. Qh8+ Ke7 39. Re6+ 1-0

[Event "Pere Noel"]
[Site "Montreal CAN"]
[Date "1996.12.29"]
[Round "4"]
[White "Levtchouk, George"]
[Black "Lesiege, Alexandre"]
[Result "0-1"]
[WhiteElo "2338"]
[BlackElo "2509"]
[WhiteFideId "-1"]
[WhiteFideId "-1"]
[PlyCount "40"]
[GameId "2160767912008038"]
[EventDate "1996.12.26"]
[EventType "swiss"]
[EventRounds "5"]
[EventCountry "CAN"]
[SourceTitle "hb 2011"]

1. g3 d5 2. Bg2 Nf6 3. b3 c5 4. Nf3 Nc6 5. c4 d4 6. e3 e5 7. exd4 e4 8. Ng5 Qxd4 9. Nc3 Nb4 10. O-O Bg4 11. Nb5 Qxa1 12. f3 Bh5 13. Nc7+ Kd7 14. Nxa8 Bd6 15. Qe2 Qd4+ 16. Kh1 Rxa8 17. g4 Bg6 18. f4 Re8 19. Nh3 Nd3 20. a3 h5 0-1

[Event "Quebec-ch classe"]
[Site "Montreal CAN"]
[Date "1996.10.11"]
[Round "1"]
[White "Lesiege, Alexandre"]
[Black "Goldenberg, Danny"]
[Result "1/2-1/2"]
[WhiteElo "2515"]
[BlackElo "2045"]
[WhiteFideId "-1"]
[WhiteFideId "-1"]
[PlyCount "73"]
[GameId "2160767912016437"]
[EventDate "1996.10.11"]
[EventType "swiss"]
[EventRounds "5"]
[EventCountry "CAN"]

1. d4 Nf6 2. c4 c5 3. Nf3 cxd4 4. Nxd4 e5 5. Nb3 d5 6. cxd5 Bc5 7. Nc3 O-O 8. e3 Qe7 9. a3 e4 10. Nd2 Rd8 11. b4 Bd6 12. Nc4 Nbd7 13. Nb5 Ne8 14. Bb2 Ndf6 15. Nbxd6 Nxd6 16. Be2 Nf5 17. d6 Nxd6 18. Nxd6 Rxd6 19. Bd4 b6 20. O-O Nd5 21. Rc1 Qg5 22. Qc2 Qf5 23. Rfd1 Bd7 24. f3 Qg5 25. f4 Qf5 26. Bc4 Rc8 27. Qb3 Be6 28. Be5 Rdd8 29. b5 h6 30. h3 Qg6 31. Kh2 Kh7 32. g4 f6 33. Bd4 Qf7 34. f5 Qc7+ 35. Kg2 Nf4+ 36. exf4 Bxc4 37. Qe3 1/2-1/2

[Event "Quebec-ch classe"]
[Site "Montreal CAN"]
[Date "1996.10.12"]
[Round "2"]
[White "Charbonneau, Pascal"]
[Black "Lesiege, Alexandre"]
[Result "0-1"]
[WhiteElo "2100"]
[BlackElo "2515"]
[WhiteFideId "-1"]
[WhiteFideId "-1"]
[PlyCount "122"]
[GameId "2160767912016443"]
[EventDate "1996.10.11"]
[EventType "swiss"]
[EventRounds "5"]
[EventCountry "CAN"]

1. e4 c6 2. d4 d5 3. exd5 cxd5 4. Bd3 Nc6 5. c3 Nf6 6. Bf4 Bg4 7. Qb3 Qc8 8. Nd2 e6 9. Ngf3 Be7 10. O-O O-O 11. Rae1 Bh5 12. Ne5 Nxe5 13. Bxe5 Bg6 14. Bxg6 hxg6 15. a4 Qc6 16. a5 b5 17. axb6 axb6 18. Ra1 b5 19. Rfc1 Nd7 20. Bg3 Bg5 21. f4 Be7 22. Nf3 Bd6 23. Qd1 Nb6 24. Ne5 Bxe5 25. dxe5 Rxa1 26. Rxa1 Na4 27. Qd2 Qc4 28. Ra3 Nc5 29. Qd4 Rc8 30. Qxc4 bxc4 31. Ra5 Nd3 32. Rb5 Ra8 33. h3 Ra1+ 34. Kh2 Rb1 35. Rb8+ Kh7 36. Rb7 Rxb2 37. Rxb2 Nxb2 38. Bf2 Nd3 39. Be3 d4 40. Bxd4 Nxf4 41. Bc5 g5 42. g3 Nd3 43. Bd4 Kg6 44. g4 Nf4 45. Be3 Nd3 46. Bd4 f6 47. exf6 gxf6 48. Be3 f5 49. gxf5+ Kxf5 50. Kg3 Nf4 51. Bd2 e5 52. Be1 Ke4 53. Kg4 Kd3 54. Kxg5 Nxh3+ 55. Kg4 Nf4 56. Kf5 Ng2 57. Bg3 e4 58. Kg4 Ne3+ 59. Kf4 Nd5+ 60. Kg4 Nxc3 61. Bf4 Ne2 0-1

[Event "Quebec-ch classe"]
[Site "Montreal CAN"]
[Date "1996.10.12"]
[Round "3"]
[White "Hua, Lefong"]
[Black "Lesiege, Alexandre"]
[Result "0-1"]
[WhiteElo "2200"]
[BlackElo "2515"]
[WhiteFideId "-1"]
[WhiteFideId "-1"]
[PlyCount "68"]
[GameId "2160767912016452"]
[EventDate "1996.10.11"]
[EventType "swiss"]
[EventRounds "5"]
[EventCountry "CAN"]

1. d4 d5 2. Nf3 c6 3. c4 Nf6 4. cxd5 cxd5 5. Nc3 Nc6 6. Bf4 Bf5 7. e3 e6 8. Be2 Bd6 9. Bg3 O-O 10. O-O Rc8 11. Rc1 h6 12. a3 Ne4 13. Nxe4 dxe4 14. Bxd6 exf3 15. Bxf8 fxe2 16. Qxe2 Qxf8 17. Qb5 Qe7 18. Rfd1 Rd8 19. Rd2 Be4 20. f3 Bg6 21. Rcd1 f5 22. b4 Rd5 23. Qe2 Qd7 24. Qc4 Kh7 25. Qc3 a6 26. h3 Na7 27. Qb3 Nb5 28. a4 Nd6 29. Rc2 b5 30. axb5 axb5 31. Rc5 Nc4 32. Ra1 f4 33. exf4 Rxc5 34. dxc5 Qd4+ 0-1

[Event "Quebec-ch classe"]
[Site "Montreal CAN"]
[Date "1996.10.13"]
[Round "4"]
[White "Lesiege, Alexandre"]
[Black "Linskiy, Oleg"]
[Result "1-0"]
[WhiteElo "2515"]
[BlackElo "2335"]
[WhiteFideId "-1"]
[WhiteFideId "-1"]
[PlyCount "117"]
[GameId "2160767912016461"]
[EventDate "1996.10.11"]
[EventType "swiss"]
[EventRounds "5"]
[EventCountry "CAN"]

1. d4 Nf6 2. Nf3 e6 3. c4 Nc6 4. Nc3 Bb4 5. Bg5 h6 6. Bh4 g5 7. Bg3 Ne4 8. Qc2 Nxg3 9. hxg3 g4 10. d5 gxf3 11. dxc6 fxe2 12. cxd7+ Bxd7 13. Bxe2 Bc6 14. a3 Bd6 15. Bf3 Bxf3 16. gxf3 Qf6 17. f4 O-O-O 18. O-O-O Qg6 19. Qxg6 fxg6 20. Rhe1 Rde8 21. Re2 a6 22. Ne4 Be7 23. Rde1 Kd7 24. Nd2 Bf6 25. Ne4 Be7 26. Kd2 b6 27. Ke3 Rhf8 28. Rh1 Rh8 29. Kf3 a5 30. Rd1+ Kc6 31. Rde1 Kd7 32. Kg2 Rhf8 33. Rh1 Rh8 34. Rd1+ Kc6 35. Rde1 Kd7 36. c5 bxc5 37. Rc1 Rhf8 38. Nxc5+ Bxc5 39. Rxc5 Rf5 40. Rd2+ Kc8 41. Rdc2 Re7 42. Rxf5 exf5 43. Rc6 Re2 44. Rxg6 Rxb2 45. Ra6 Rb5 46. Rxh6 Kd7 47. Rh5 c6 48. a4 Rd5 49. g4 fxg4 50. Rxd5+ cxd5 51. Kg3 d4 52. Kxg4 Ke6 53. f5+ Ke5 54. f6 d3 55. Kf3 Kxf6 56. Ke3 Ke5 57. Kxd3 Kd5 58. f4 Kc5 59. Ke4 1-0

[Event "Quebec-ch classe"]
[Site "Montreal CAN"]
[Date "1996.10.13"]
[Round "5"]
[White "Schleifer, Michael"]
[Black "Lesiege, Alexandre"]
[Result "0-1"]
[WhiteElo "2340"]
[BlackElo "2515"]
[WhiteFideId "-1"]
[WhiteFideId "-1"]
[PlyCount "58"]
[GameId "2160767912016469"]
[EventDate "1996.10.11"]
[EventType "swiss"]
[EventRounds "5"]
[EventCountry "CAN"]

1. e4 c6 2. Nc3 d5 3. Nf3 Bg4 4. h3 Bxf3 5. Qxf3 e6 6. a3 Nf6 7. d3 Be7 8. g3 O-O 9. Bg2 a5 10. O-O Na6 11. Qe2 Nc5 12. f4 dxe4 13. dxe4 e5 14. Be3 Ne6 15. Qf2 Nd7 16. Rad1 Bc5 17. Na4 Bxe3 18. Qxe3 b5 19. f5 Nd4 20. c3 Nb3 21. f6 gxf6 22. Qh6 bxa4 23. Rf5 Re8 24. h4 Qb6+ 25. Kh1 Nbc5 26. Rh5 Qxb2 27. Qxh7+ Kf8 28. Bh3 Qe2 29. Qh6+ Ke7 0-1

[Event "Montreal op"]
[Site "Montreal CAN"]
[Date "1996.??.??"]
[Round "6"]
[White "Ross, Dave"]
[Black "Lesiege, Alexandre"]
[Result "0-1"]
[WhiteElo "2355"]
[BlackElo "2480"]
[WhiteFideId "-1"]
[WhiteFideId "-1"]
[PlyCount "96"]
[GameId "2160767912024735"]
[EventDate "1996.08.31"]
[EventType "swiss"]
[EventRounds "5"]
[EventCountry "CAN"]
[SourceTitle "EXT 1999"]
[Source "ChessBase"]
[SourceDate "1998.11.10"]
[SourceVersion "1"]
[SourceVersionDate "1998.11.10"]
[SourceQuality "1"]

1. d4 Nf6 2. Nf3 g6 3. c4 Bg7 4. Nc3 O-O 5. g3 d6 6. Bg2 Nbd7 7. O-O e5 8. e4 exd4 9. Nxd4 Re8 10. h3 Nc5 11. Re1 a6 12. Rb1 Bd7 13. b4 Ne6 14. Nf3 Bc8 15. Nd5 Nd7 16. Be3 a5 17. a3 axb4 18. axb4 c6 19. Nf4 Ne5 20. Nxe5 Bxe5 21. Qd2 Ra3 22. Red1 Qe7 23. Ne2 Rd8 24. Qc1 Ra2 25. Rd2 Rxd2 26. Qxd2 Bf6 27. h4 Nf8 28. Rd1 Bg4 29. f3 Be6 30. Qc2 d5 31. exd5 cxd5 32. c5 Bf5 33. Qd2 d4 34. Bf2 h5 35. Nf4 Ne6 36. Re1 Qd7 37. Nxe6 Bxe6 38. Qf4 Bg7 39. Bf1 d3 40. Rd1 d2 41. b5 Bc3 42. Qa4 Bd5 43. Bg2 Qe6 44. c6 bxc6 45. b6 Bb3 46. Qa3 Bxd1 47. Qxc3 Be2 48. Qd4 Rxd4 0-1

[Event "Festival gourmands"]
[Site "Asbestos CAN"]
[Date "1996.08.25"]
[Round "4"]
[White "Lesiege, Alexandre"]
[Black "Hebert, Jean"]
[Result "1-0"]
[WhiteElo "2508"]
[BlackElo "2476"]
[WhiteFideId "-1"]
[WhiteFideId "-1"]
[PlyCount "55"]
[GameId "2160767912024745"]
[EventDate "1996.08.23"]
[EventType "swiss"]
[EventRounds "5"]
[EventCountry "CAN"]

1. d4 Nf6 2. c4 e6 3. Nc3 Bb4 4. e3 b6 5. Nge2 O-O 6. a3 Bxc3+ 7. Nxc3 Bb7 8. Bd3 d5 9. cxd5 exd5 10. b4 Nbd7 11. Qb3 c6 12. O-O Rb8 13. Bd2 Re8 14. Rfe1 Nf8 15. Rad1 Qd6 16. e4 dxe4 17. Nxe4 Nxe4 18. Bxe4 Ne6 19. Be3 Nf4 20. Bxf4 Qxf4 21. Qc2 g6 22. b5 Qd6 23. bxc6 Rbc8 24. d5 Rc7 25. Bf3 Rd8 26. Qc3 h5 27. Qb4 Bc8 28. Re8+ 1-0

[Event "North Bay int."]
[Site "North Bay CAN"]
[Date "1996.08.07"]
[Round "1"]
[White "Desjardins, Andre"]
[Black "Lesiege, Alexandre"]
[Result "1/2-1/2"]
[WhiteElo "2252"]
[BlackElo "2567"]
[WhiteFideId "-1"]
[WhiteFideId "-1"]
[PlyCount "97"]
[GameId "2160767912024950"]
[EventDate "1996.08.07"]
[EventType "swiss"]
[EventRounds "9"]
[EventCountry "CAN"]

1. e4 c6 2. d4 d5 3. Nd2 dxe4 4. Nxe4 Nd7 5. Nf3 Ngf6 6. Neg5 h6 7. Nh3 e6 8. Nf4 Bd6 9. Bc4 Qc7 10. Nd3 O-O 11. O-O b5 12. Bb3 Bb7 13. h3 c5 14. dxc5 Nxc5 15. Nxc5 Bxc5 16. Qe2 a5 17. a4 b4 18. Be3 Ba6 19. Bc4 Bxc4 20. Qxc4 Rfc8 21. Bxc5 Qxc5 22. Qxc5 Rxc5 23. Ne1 Rd8 24. f3 Nh5 25. Rf2 Nf4 26. Kf1 Rc4 27. b3 Rc3 28. h4 Nd5 29. Rd2 Rdc8 30. Kf2 Ne3 31. Rc1 Nf5 32. h5 Rxb3 33. cxb3 Rxc1 34. g4 Ne7 35. Rd8+ Kh7 36. Rd7 Nd5 37. Rxf7 Rc3 38. Ra7 Rxb3 39. Rxa5 Rb2+ 40. Kg3 b3 41. Rb5 Nc3 42. Rb7 Ne2+ 43. Kh3 Nc1 44. Ng2 Nd3 45. Rb8 Rb1 46. Nh4 Nf4+ 47. Kg3 e5 48. a5 b2 49. Kh2 1/2-1/2

[Event "North Bay int."]
[Site "North Bay CAN"]
[Date "1996.08.08"]
[Round "2"]
[White "Lesiege, Alexandre"]
[Black "Rajlich, Vasik"]
[Result "1/2-1/2"]
[WhiteElo "2567"]
[BlackElo "2340"]
[WhiteFideId "-1"]
[WhiteFideId "-1"]
[PlyCount "92"]
[GameId "2160767912033185"]
[EventDate "1996.08.07"]
[EventType "swiss"]
[EventRounds "9"]
[EventCountry "CAN"]

1. d4 Nf6 2. c4 g6 3. Nc3 Bg7 4. e4 d6 5. Nf3 O-O 6. h3 e5 7. d5 Na6 8. Be3 c6 9. Nd2 Bd7 10. Be2 Rc8 11. O-O Ne8 12. dxc6 bxc6 13. Bxa7 Bh6 14. c5 Bxh3 15. Nf3 Qd7 16. Bxa6 Ra8 17. gxh3 Qxh3 18. Re1 Qg4+ 19. Kf1 Rxa7 20. cxd6 Nxd6 21. Nxe5 Qh3+ 22. Ke2 Qe6 23. Qd4 Rxa6 24. Nd3 Bg7 25. e5 Re8 26. Kf1 Qh3+ 27. Kg1 Nf5 28. Qe4 Rd8 29. e6 Ra7 30. Nf4 Qg4+ 31. Ng2 Qxe4 32. Rxe4 Rd2 33. Rc1 Rxb2 34. Nf4 fxe6 35. Nxe6 Bxc3 36. Rxc3 Raxa2 37. Rf4 Kf7 38. Rxc6 Rc2 39. Ng5+ Kg7 40. Re6 Ra1+ 41. Kg2 Ra3 42. Kg1 h6 43. Nf3 Rca2 44. Nh4 Ra1+ 45. Kh2 Nxh4 46. Re7+ Kg8 1/2-1/2